JR定期特急列車が止まらない駅乗降客数TOP100 - Statistics

General Stats
  • This quiz has been taken 161 times
    116 since last reset
  • The average score is 75 of 100
Answer Stats
順位 都道府県 乗降客数 Answer % Correct
8 東京都 253,744 有楽町
94%
15 東京都 186,768 目黒
94%
16 東京都 181,056 神田
94%
24 東京都 173,686 三鷹
94%
3 東京都 359,332 高田馬場
93%
6 千葉県 259,808 西船橋
93%
1 東京都 442,842 秋葉原
92%
5 東京都 264,632 中野
92%
26 東京都 164,158 荻窪
90%
13 東京都 202,312 国分寺
89%
39 東京都 134,814 原宿
89%
12 東京都 220,642 五反田
88%
18 東京都 179,212 西日暮里
88%
20 東京都 177,874 四ツ谷
88%
30 埼玉県 150,122 川口
88%
35 東京都 142,866 水道橋
88%
37 東京都 136,818 飯田橋
88%
4 東京都 267,804 浜松町
87%
7 東京都 256,492 吉祥寺
87%
10 東京都 251,560 蒲田
87%
40 東京都 134,320 巣鴨
87%
65 東京都 98,492 新大久保
87%
43 東京都 125,968 御徒町
86%
47 東京都 113,426 武蔵小金井
86%
48 東京都 113,164 代々木
86%
2 東京都 397,464 北千住
85%
49 千葉県 112,842 市川
85%
44 神奈川県 122,330 橋本
83%
56 東京都 108,702 大塚
83%
66 東京都 97,096 国立
83%
71 東京都 87,080 駒込
83%
9 東京都 251,710 田町
82%
21 東京都 176,728 御茶ノ水
82%
22 東京都 176,304 大井町
82%
25 東京都 165,460 大森
82%
68 東京都 95,432 高円寺
82%
72 東京都 85,340 西荻窪
82%
17 千葉県 179,358 松戸
81%
19 千葉県 178,890 津田沼
81%
27 千葉県 158,806 舞浜
81%
41 東京都 126,936 武蔵境
81%
57 埼玉県 107,440 さいたま新都心
81%
61 東京都 102,104 市ケ谷
81%
95 東京都 67,082 目白
81%
31 東京都 146,776 新小岩
80%
32 神奈川県 144,954 桜木町
80%
34 神奈川県 143,930 鶴見
80%
52 埼玉県 110,620 南浦和
80%
74 東京都 84,048 阿佐ヶ谷
80%
14 東京都 200,236 町田
79%
55 埼玉県 109,948 西川口
79%
69 千葉県 92,590 稲毛
79%
36 東京都 140,156 新木場
77%
45 東京都 120,166 小岩
77%
51 埼玉県 111,724
77%
58 神奈川県 106,022 関内
77%
62 埼玉県 100,744 武蔵浦和
77%
11 大阪府 233,396 京橋
76%
83 東京都 73,912 東中野
76%
28 神奈川県 155,920 武蔵溝ノ口
75%
23 大阪府 175,648 鶴橋
74%
60 千葉県 103,208 新浦安
74%
87 東京都 72,096 両国
74%
91 神奈川県 69,094 東神奈川
74%
76 東京都 80,958 田端
73%
85 千葉県 72,338 新松戸
73%
46 東京都 117,716 王子
71%
50 神奈川県 112,422 長津田
71%
29 神奈川県 154,856 登戸
70%
53 千葉県 110,278 本八幡
70%
54 東京都 110,086 亀戸
70%
63 東京都 99,886 浅草橋
70%
84 神奈川県 72,496 菊名
70%
67 東京都 96,364 北浦和
69%
99 東京都 65,264 板橋
69%
33 埼玉県 144,284 南越谷
68%
38 埼玉県 136,010 北朝霞
65%
42 大阪府 126,228 新今宮
64%
86 埼玉県 72,160 川越
64%
97 埼玉県 65,930 戸田公園
64%
75 神奈川県 82,494 鎌倉
63%
78 神奈川県 76,398 中山
63%
94 東京都 67,506 十条
62%
96 大阪府 66,830 西九条
62%
59 神奈川県 103,486 東戸塚
61%
64 東京都 99,396 金町
61%
79 埼玉県 76,014 東川口
61%
82 千葉県 74,384 南流山
61%
70 大阪府 91,038 茨木
58%
77 東京都 79,818 亀有
58%
80 東京都 75,462 分倍河原
56%
92 神奈川県 68,910 新杉田
55%
93 神奈川県 68,816 鴨居
49%
81 東京都 74,644 新秋津
48%
90 大阪府 69,716 弁天町
46%
100 埼玉県 63,480 久喜
46%
73 大阪府 84,858 北新地
44%
89 神奈川県 70,264 淵野辺
38%
98 兵庫県 65,284 住吉
32%
88 大阪府 70,634 ユニバーサルシティ
31%
No matching quizzes found
Score Distribution
Percent of People with Each Score
Percentile by Number Answered
Your Score History
You have not taken this quiz since the last reset